000 00560nam a22002057a 4500
001 18293
003 BD-RjUL
005 20211209000250.0
008 140220s1954 - | | 000 0 eng d
035 _a(BD-RjUL)18351
040 _aBD-RjUL
_beng
_cBD-RjUL
041 _aeng
082 _219
_a 823.912
_bMAE 1954
100 1 _aMackenzie, Compton
_98116
245 1 0 _aEchoes /
_cCompton Mackenzie
260 _aLondon :
_bChatto & Windus,
_c1954.
300 _a188 p. ;
_c22 cm.
650 _a Mackenzie, Compton, -- Sir,
_v1883-1972.
_956320
942 _2ddc
_cBK
999 _c18293
_d18293